| 000 | 00721nam a22001337a 4500 | ||
|---|---|---|---|
| 040 | _cRUA | ||
| 082 | _aAGR VAN 2017 B646 Or.1 | ||
| 100 | _aVANNA PANHARITH វណ្ណ បញ្ញរិទ្ធ | ||
| 245 | _aHydroponics of different lettuce varieties on hydroponics growing teachnique at royal university of agriculture ការប្រៀបធៀបពូជសាលាដខុសៗគ្នាបច្ចេកទេស Hydroponics នៅសាកលវិទ្យាល័យភូមិន្ទកសិកម្ម | ||
| 260 |
_aRUA _bPhnom penh _c2017 |
||
| 300 |
_avii;25p _bill'; _c29cm |
||
| 856 | _uhttps://drive.google.com/file/d/1vJ0-PJA5PeUwwg8JsSWZjNPtgwz2fXVc/view?usp=sharing | ||
| 942 | _cAGR | ||
| 999 |
_c18200 _d18200 |
||